00542nam a2200181 i 450000100060000000300090000600500170001500700030003200800410003510000220007624500920009825000120019026000420020230000330024465000160027770000350029385200320032835346ES-MaACL20230906155118.0t|030212s1982 sp ||||1| spa d1 aBorsarello, Jean.10aManual de acupuntura / cpor Jean Borsarello ; versión, María Rosa Camprubi Forner. a1ª ed. a[Barcelona] : bToray Masson, c1982. aX, 166 p. : bil. ; c21 cm. 4aAcupuntura.1 aCamprubi Forner, María Rosa. aES-MaACLjL-4663 bR.104436